| 000 | 00672nam a2200217Ii 4500 | ||
|---|---|---|---|
| 001 | 14083 | ||
| 003 | CO-ViMGA | ||
| 008 | 241108s9999||||xx |||||||||||||| ||und|| | ||
| 020 | _a9588181070 | ||
| 040 |
_aCO-ViMGA _bspa _erda _cCO-ViMGA |
||
| 041 | 0 | _aspa | |
| 082 | 0 | 4 | _a709.0113 M17m |
| 100 | 1 |
_aDiego Martínez Celis _946099 |
|
| 245 | 1 | 0 | _aManual de arte rupestre de Cundinamarca |
| 264 | 1 | _aBogotá, Colombia : Instituto Colombiano de Antropología e Historia ICANH, 2002 | |
| 300 | _avolumen | ||
| 336 |
_atext _btxt _2rdacontent |
||
| 337 |
_aunmediated _bn _2rdamedia |
||
| 338 |
_avolume _bnc _2rdacarrier |
||
| 940 | _aidficha_siabuc: 13781. -- ficha_no_siabuc:14083 | ||
| 999 |
_c40653 _d40653 |
||